000 00929nam a2200277 i 4500
003 DO-SdBNP
005 20240709105930.0
007 ta
008 240709s1997 dr 001 0 spa d
040 _aDO-SdBNP
_bspa
_cBNPHU
_erda
082 _a133.91
_bV217h
_222
100 1 _aVan Praagh, James
_eautor
_985936
245 1 0 _aHablando con el cielo :
_b(Talking of heaven) /
_cJames Van Praagh ; traducción Edith Zilli
264 4 _aBuenos Aires :
_bAtlántida,
_c©1997.
300 _a223 páginas,
_c24 cm.
336 _2rdacontent
_atexto
_btxt
337 _2rdamedia
_asin mediación
_bn
338 _2rdacarrier
_avolumen
_bnc
500 _aLas extraordinarias revelaciones del médium más reconocido de la actualidad sobre la vida después de la muerte
590 _aInventariado, 2024/ DG
650 _985937
700 _aZilli, Edith
_etraducción
_985934
710 _985912
910 _aDG
942 _2ddc
_cLBS1
999 _c57230
_d57230